Cuestiones básicas y estrategias de la política criminal / (Record no. 34355)

MARC details
000 -LEADER
fixed length control field 00604nam a22001817a 4500
008 - FIXED-LENGTH DATA ELEMENTS--GENERAL INFORMATION
fixed length control field 121030t ag||||| |||| 00| 0 spa d
020 ## - INTERNATIONAL STANDARD BOOK NUMBER
International Standard Book Number 9501404862
050 04 - LIBRARY OF CONGRESS CALL NUMBER
Classification number KGF6039
Item number S38 1989
100 1# - MAIN ENTRY--PERSONAL NAME
Personal name Schüler-Springorum, Horst
245 10 - TITLE STATEMENT
Title Cuestiones básicas y estrategias de la política criminal /
Statement of responsibility, etc Horst Schüler-Springorum.
250 ## - EDITION STATEMENT
Edition statement 1a ed.
260 ## - PUBLICATION, DISTRIBUTION, ETC. (IMPRINT)
Place of publication, distribution, etc Buenos Aires, Argentina :
Name of publisher, distributor, etc Depalma,
Date of publication, distribution, etc 1989
300 ## - PHYSICAL DESCRIPTION
Extent viii, 83 p. ;
Dimensions 23 cm.
490 #0 - SERIES STATEMENT
Series statement Bibliotecas de ciencias penales
Volume number/sequential designation 8
650 #7 - SUBJECT ADDED ENTRY--TOPICAL TERM
Source of heading or term Lemb
Topical term or geographic name as entry element Criminología
Geographic subdivision Argentina
650 #4 - SUBJECT ADDED ENTRY--TOPICAL TERM
Topical term or geographic name as entry element Política criminal
Geographic subdivision Argentina
942 ## - ADDED ENTRY ELEMENTS (KOHA)
Source of classification or shelving scheme Clasificación Decimal Dewey
Koha item type Libro
Holdings
Estado de pérdida Fuente de clasificación Estado del daño No para préstamo Ubicación permanente Ubicación actual Apartado o colección Fecha de adquisición Fuente de adquisición Edición Área del conocimiento Clasificación Código de Barras Date last seen Número de copia Costo por reposición Tipo de recurso
  Biblioteca del Cogreso de los Estados Unidos     Biblioteca de la Facultad de Derecho y Ciencias Sociales "Felipe J. Tena" Biblioteca de la Facultad de Derecho y Ciencias Sociales "Felipe J. Tena" General 30/10/2012   1a ed. Ciencias Sociales y Administrativas HV6039 S38 1989 BFD000003037 16/01/2015 1 1.00 Libro